National Seminar on Strategies & Innovations in Management/ (Record no. 189387)

MARC details
000 -LEADER
fixed length control field 00597nam a22001697a 4500
005 - DATE AND TIME OF LATEST TRANSACTION
control field 20220627153317.0
010 ## - LCCN (DPL NO)
LC control number ENG-133396
020 ## - INTERNATIONAL STANDARD BOOK NUMBER
International Standard Book Number 97899387871113
Terms of availability 350.00
035 ## - SYSTEM CONTROL NUMBER
System control number EN-116928
037 ## - SOURCE OF ACQUISITION
Source of stock number/acquisition DBAD/PUB
082 ## - DEWEY DECIMAL CLASSIFICATION NUMBER
Classification number 658.4063
Edition number 2018
245 ## - TITLE STATEMENT
Title National Seminar on Strategies & Innovations in Management/
260 ## - PUBLICATION, DISTRIBUTION, ETC. (IMPRINT)
Place of publication, distribution, etc Tamil Nadu
Name of publisher, distributor, etc Shanlax Publications
Date of publication, distribution, etc 2018
270 ## - ADDRESS
Address 61,66 T.P.K. Main Road, Vasantha Nagar
City Madurai
Postal code 625003
Telephone number 04524208765
Electronic mail address publisher@shanlaxpublications.com
300 ## - PHYSICAL DESCRIPTION
Extent 133p.
Dimensions 23cm(pbk)
Other physical details References
942 ## - ADDED ENTRY ELEMENTS (KOHA)
Source of classification or shelving scheme Dewey Decimal Classification
Item type English Books
Classification part 658.4063
Call number suffix NAT
Edition 2018
Holdings
Withdrawn status Lost status Not for loan Collection code Home library Current library Date acquired Source of acquisition Cost, normal purchase price Full call number Barcode Copy number Cost, replacement price Koha item type
      Non-fiction Shahdara Branch Shahdara Branch 27/06/2022 DBAD/PUB 350.00 658.4063 NAT EN-116928 1 350.00 English Books

© Delhi Public Library
Hit Counter
free hit counter